Statistics for Countries Containing U - Three Minute Sprint

Click here to take the quiz!

General Stats

  • This quiz has been taken 1,542 times
  • The average score is 39 of 61

Answer Stats

Country% Correct
United Kingdom
97%
United States
96%
Uruguay
90%
United Arab Emirates
86%
Australia
84%
Uzbekistan
83%
Ukraine
82%
Austria
80%
Uganda
79%
South Sudan
78%
South Korea
75%
Turkey
75%
Paraguay
74%
South Africa
74%
Tuvalu
74%
Sudan
73%
Guinea
72%
Russia
71%
Vanuatu
70%
Guatemala
69%
Guinea-Bissau
69%
Turkmenistan
69%
Cuba
68%
Bulgaria
66%
Nauru
65%
Palau
63%
Equatorial Guinea
62%
Guyana
62%
Honduras
62%
Venezuela
62%
Hungary
61%
Luxembourg
61%
Antigua and Barbuda
60%
Burundi
60%
Peru
60%
Belgium
59%
Bhutan
59%
Papua New Guinea
59%
Portugal
59%
Ecuador
58%
Saudi Arabia
58%
Belarus
57%
Nicaragua
57%
Democratic Republic of the Congo
56%
Suriname
56%
Brunei
55%
Mauritius
55%
Dominican Republic
54%
Mauritania
54%
Republic of the Congo
53%
Burkina Faso
50%
Lithuania
50%
Kuwait
48%
Tunisia
48%
Czech Republic
47%
St Lucia
46%
Central African Republic
43%
Cyprus
42%
Djibouti
42%
Mozambique
32%
Burma
27%

Score Distribution

Percentile by Number Answered

Percent of People with Each Score

Your Score History

You have not taken this quiz